Lyrics to Flicker by Niall Horan - Statistics

General Stats
  • This quiz has been taken 454 times
  • The average score is 196 of 249
Answer Stats
Flicker % Correct
you
98%
a
97%
I
96%
the
95%
Verse 1 | Verse 2 When
94%
of
92%
flicker
91%
that
91%
That
91%
to
91%
And
90%
and
90%
your
90%
In
87%
in
87%
me
87%
there
87%
Then
86%
feel
85%
dark
84%
hope
84%
there's
83%
There's
83%
we
83%
first
81%
gave
81%
my
81%
think
81%
don't
80%
been
79%
is
79%
leave
79%
missing
79%
Please
79%
Hear
78%
on
77%
light
76%
something
76%
know
75%
spark
74%
Still
74%
what
74%
it
73%
keep
73%
love's
73%
nothin'
73%
gone
72%
taken
72%
electricity
71%
had
71%
magic
71%
remember
71%
start
71%
wanna
71%
chest
70%
head
70%
heart
70%
I'm
70%
left
70%
like
70%
look
70%
hangin'
69%
barely
68%
afraid
66%
upon
66%
echoes
62%
you're
62%
rest
61%
we're
61%
ain't
57%
lay
52%
breathin'
50%
sleepin'
48%
never
45%
Never
45%
want
45%
patterns
44%
tell
42%
before
41%
things
40%
you've
39%
heard
38%
this
38%
questions
37%
Asking
36%
last
34%
Last
34%
won't
31%
ceilin'
29%
too
28%
knowing
26%
long
26%
pass
26%
thinkin'
26%
No matching quizzes found
Score Distribution
Percent of People with Each Score
Percentile by Number Answered
Your Score History
You have not taken this quiz